000 02528cam a22003371i 4500
003 SA-RiAUC
005 20241120141919.0
008 241107s1990 ua g b 00110cara c
040 _aSA-RiAUC
_bara
_cSA-RiAUC
_erda
082 0 4 _a239.7
_qSA-RiAUC
090 _a239.7
_b ا ب ن ع
100 1 _aابن عساكر، علي بن الحسن بن هبة الله،
_d499-571 هجري
_eمؤلف.
245 1 0 _aكتاب الأربعين في مناقب أمهات المؤمنين /
_cأبو منصور عبد الرحمن محمد بن الحسن الدمشقي بن عساكر ؛ تحقيق محمد أحمد عبد العزيز.
246 3 0 _aالأربعين في مناقب أمهات المؤمنين
264 1 _aالقاهرة :
_bمكتبة التراث الإسلامي،
_c1990
300 _a208 صفحة ؛
_c25 سم
336 _aنص
_btxt
_2rdacontent
_3كتاب
337 _aبدون وسيط
_bn
_2rdamedia
338 _aمجلد
_bnc
_2rdacarrier
500 _aيشتمل على كشافات.
504 _aببليوجرافية : صفحة 117-120.
650 7 _aزوجات النبي
_2aucsh
650 7 _aالمرأة المسلمة
_2aucsh
650 7 _aالسيرة النبوية
_2aucsh
700 1 _aعبد العزيز، محمد أحمد
_eمحقق.
856 _uhttp://www.saaid.net/book/7/1157.zip
_yDigital Copy
_2 نرجو الانتباه لإمكانية وجود اختلاف في الطبعة أو الناشر بين البيانات على البوابة وما ستجده على الكتاب نظرا لمحدودية المعلومات المتاحة على الموقع الناشر للمادة.
_3Please note that there may be a difference in the edition or publisher between the data on the portal and the book due to the limited information available on the publisher website for the material.
856 _uhttp://saaid.net/book/open.php?cat=7&book=2054
_yExternal Link
_2 نرجو الانتباه لإمكانية وجود اختلاف في الطبعة أو الناشر بين البيانات على البوابة وما ستجده على الكتاب نظرا لمحدودية المعلومات المتاحة على الموقع الناشر للمادة.
_3Please note that there may be a difference in the edition or publisher between the data on the portal and the book due to the limited information available on the publisher website for the material.
942 _2ddc
_cBOOK
_n0
949 _aSA-JeALM
_d241107
_umohamedma123
_n1
999 _c2601
_d2601